La vallée des rois : itinéraire du visiteur /

محفوظ في:

المؤلف الرئيسي: Cauville, Sylvie (مؤلف)

مؤلفون آخرون: Ibrahim Ali, Mohammed.

التنسيق: كتاب

اللغة: French

منشور في: Louvain ; Paris ; Walpole : Peeters, 2014.

الموضوعات:

الوسوم: إضافة وسم

لا توجد وسوم, كن أول من يضع وسما على هذه التسجيلة!

رقم الطلب: DT73 .B44 C38

LEADER 00983nam a22002897a 4500
003 OSt
005 20251207110738.0
008 251207t2014 be ae b 001 0 fre d
020 |a 9042930950 
020 |a 9789042930957 
040 |c ARCE Library 
043 |a f-ua--- 
050 1 4 |a DT73 .B44  |b C38  
100 1 |a Cauville, Sylvie,  |e author  |9 27833 
245 1 3 |a La vallée des rois :   |b itinéraire du visiteur /   |c Sylvie Cauville, Mohammed Ibrahim Ali.  
264 1 |a Louvain ;   |a Paris ;   |a Walpole :   |b Peeters,   |c 2014.  
300 |a 453 pages :   |b illustrations (chiefly color), plans ;   |c 24 cm. 
504 |a Includes bibliographical references (pages 437-439) and index.  
650 0 |a Excavations (Archaeology)  |z Egypt  |z Valley of the Kings.  
650 0 |a Pharaohs  |x Tombs. 
650 0 |a Tombs  |z Egypt. 
651 0 |a Egypt  |x Antiquities.  
651 0 |a Valley of the Kings (Egypt)  
700 1 |a Ibrahim Ali, Mohammed. 
901 |a reviewed 
942 |c BK  |2 lcc 
999 |c 27883  |d 27883